Business Worcester

Detalles Bibliográficos
Formato: Electrónico Revista
Lenguaje:inglés
Publicado: [Worcester, MA] : [Central Mass Media Inc.]
Materias:
Acceso en línea:Full text available from Research Library: 01/01/1986 to 01/22/1990

MARC

LEADER 00000nas a22000007a 4500
001 ssj0002726
003 WaSeSS
005 20200512172242.0
006 m d
007 cr n
008 830708c198u9999mauer pes 0 a0eng d
010 |a sn 83007938  
022 |l 0738-8977  |y 0738-8977 
035 |a (WaSeSS)ssj0002726 
037 |b Business Worcester, P.O. Box 300, Worcester, MA 01614 
040 |a NSD  |b eng  |c NSD  |d OCLCQ  |d WZW  |d OCLCQ  |d OCLCF  |d OCLCO  |d OCLCQ  |d WaSeSS 
042 |a nsdp 
043 |a n-us-ma 
222 0 |a Business Worcester 
245 0 0 |a Business Worcester  |h [electronic resource]. 
260 |a [Worcester, MA] :  |b [Central Mass Media Inc.] 
310 |a Biweekly,  |b <June 13-26, 1988>- 
321 |a Monthly,  |b <Apr. 1983>- 
500 |a Published, <June 13-26, 1988>- by: Northeast Regional Business Publications. 
506 |a License restrictions may limit access. 
588 |a Description based on: Vol. 2, no. 2 (Apr. 1983); title from cover. 
588 |a Latest issue consulted: Vol. 7, no. 8 (June 13-26, 1988). 
650 7 |a Commerce.  |2 fast  |0 (OCoLC)fst00869279 
651 0 |a Worcester (Mass.)  |x Commerce  |v Periodicals. 
651 0 |a Worcester (Mass.)  |v Periodicals. 
651 7 |a Massachusetts  |z Worcester.  |2 fast  |0 (OCoLC)fst01207904 
655 0 |a Electronic journals. 
856 4 0 |z Full text available from Research Library: 01/01/1986 to 01/22/1990  |u https://search.proquest.com/publication/3221